Homesick - Noah Kahan (All Lyrics) - Statistics

General Stats
  • This quiz has been taken 60 times
  • The average score is 215 of 249
Answer Stats
Lyrics % Correct
I
100%
a
98%
and
98%
And
98%
in
98%
of
98%
that
98%
The
98%
the
98%
been
95%
I'm
95%
make
95%
have
93%
Home
93%
homesick
93%
if
93%
is
93%
so
93%
For
90%
grew
90%
mean
90%
motivation
90%
place
90%
such
90%
This
90%
up
90%
ago,
88%
ago
88%
because
88%
from
88%
got
88%
great
88%
here
88%
move
88%
my
88%
Some
88%
will
88%
won
88%
you
88%
anyone
85%
away
85%
but
85%
could
85%
die
85%
distance
85%
Eight
85%
England
85%
every
85%
fuck
85%
gold
85%
guy
85%
house
85%
How
85%
life
85%
lot
85%
month
85%
New
85%
rest
85%
runner
85%
sense
85%
since
85%
Since
85%
tired
85%
weather
85%
years
85%
you're
85%
are
83%
back
83%
believe
83%
can't
83%
dreams,
83%
find
83%
makes
83%
myself
83%
Olympic
83%
only
83%
reason
83%
roads
83%
Spend
83%
summer
83%
them
83%
they
83%
what
83%
with
83%
after
80%
ain't
80%
bad
80%
bullshit
80%
friends'
80%
hibernation
80%
high
80%
into
80%
leave
80%
photograph
80%
taken
80%
yet?
80%
bored
78%
damn
78%
don't
78%
feel
78%
grandfathers
78%
it's
78%
Named
78%
organs
78%
school
78%
That's
78%
Time
78%
would
78%
bombers
76%
Boston
76%
caught
76%
failing
76%
know
76%
months
76%
Oh,
76%
oh
76%
oh,
76%
sailing
76%
slow
76%
Still
76%
Two
76%
caring
73%
dirt
73%
moves
73%
stopped
73%
swear
73%
then
73%
motherfuckers
71%
smooth
71%
Well,
71%
'bout
68%
masochistic
68%
tryna
66%
Ooh,
51%
ooh
51%
no
46%
Yoo-hoo
22%
No matching quizzes found
Score Distribution
Percent of People with Each Score
Percentile by Number Answered
Your Score History
You have not taken this quiz